Save the three little pigs! / (Record no. 8013)

MARC details
000 -LEADER
fixed length control field 01087nam a22003137a 4500
001 - CONTROL NUMBER
control field 8013
003 - CONTROL NUMBER IDENTIFIER
control field FISKH
005 - DATE AND TIME OF LATEST TRANSACTION
control field 20250819080819.0
008 - FIXED-LENGTH DATA ELEMENTS--GENERAL INFORMATION
fixed length control field 250819b cb ||||| |||| 00| 0 eng d
020 ## - INTERNATIONAL STANDARD BOOK NUMBER
International Standard Book Number 9781416971986
040 ## - CATALOGING SOURCE
Original cataloging agency FISKH
Language of cataloging eng
Transcribing agency FISKH
Modifying agency FISKH
050 ## - LIBRARY OF CONGRESS CALL NUMBER
Classification number PZ7.R39245 S
082 ## - DEWEY DECIMAL CLASSIFICATION NUMBER
Classification number 700
100 ## - MAIN ENTRY--PERSONAL NAME
Personal name Richards, Melinda
245 ## - TITLE STATEMENT
Title Save the three little pigs! /
Statement of responsibility, etc. Adapted by Melinda Richards ; Based on the screenplay by Sascha Paladino ; Illustrated by Alexandria Fogarty, Little Airplane Productions
250 ## - EDITION STATEMENT
Edition statement This edition first published in 2009
260 ## - PUBLICATION, DISTRIBUTION, ETC.
Place of publication, distribution, etc. New York :
Name of publisher, distributor, etc. Simon Spotlight,
Date of publication, distribution, etc. 2009
300 ## - PHYSICAL DESCRIPTION
Extent 22 unnumbered pages :
Other physical details color illustrations ;
Dimensions 23 cm
490 ## - SERIES STATEMENT
Series statement Ready to read
Volume/sequential designation # Pre-Level 1
505 ## - FORMATTED CONTENTS NOTE
Formatted contents note C<br/>
520 ## - SUMMARY, ETC.
Summary, etc. The Wonder Pets help save the three little pigs in this fun twist on the classic fairytale.<br/>
521 8# - TARGET AUDIENCE NOTE
Target audience note 70<br/>
Source Lexile<br/>
521 8# - TARGET AUDIENCE NOTE
Target audience note C<br/>
Source Raz-Plus<br/>
650 ## - SUBJECT ADDED ENTRY--TOPICAL TERM
Source of heading or term Classroom Collection
Topical term or geographic name entry element Pigs
650 ## - SUBJECT ADDED ENTRY--TOPICAL TERM
Source of heading or term Pets
Topical term or geographic name entry element Wolf
700 ## - ADDED ENTRY--PERSONAL NAME
Personal name Fogarty, Alexandria
Dates associated with a name illustrator
942 ## - ADDED ENTRY ELEMENTS (KOHA)
Source of classification or shelving scheme Dewey Decimal Classification
Koha item type Books
Suppress in OPAC No
Holdings
Withdrawn status Lost status Source of classification or shelving scheme Damaged status Not for loan Collection Home library Current library Shelving location Date acquired Total Checkouts Total Renewals Full call number Barcode Date last seen Date last checked out Copy number Price effective from Koha item type
    Dewey Decimal Classification     Juvenile Fiction Footprints International School Library Network Toul Tom Poung Campus Footprints International School Library Network Toul Tom Poung Campus TTP Primary Green Bookshelves 08/19/2025 2 1 RIC 700 PZ7.R39245 S FISTK01095 03/12/2026 03/12/2026 1 08/19/2025 Books